Gomāntakīya niyatakālikē. (Record no. 75211)

MARC details
000 -LEADER
fixed length control field 00554cam a22002291 4500
001 - CONTROL NUMBER
control field sa 67005445
003 - CONTROL NUMBER IDENTIFIER
control field DLC
005 - DATE AND TIME OF LATEST TRANSACTION
control field 20260227112357.0
008 - FIXED-LENGTH DATA ELEMENTS--GENERAL INFORMATION
fixed length control field 890628s1965 ii 000 0 maro
010 ## - LIBRARY OF CONGRESS CONTROL NUMBER
LC control number sa 67005445
035 ## - SYSTEM CONTROL NUMBER
System control number (OCoLC)19943825
040 ## - CATALOGING SOURCE
Original cataloging agency DLC
Transcribing agency WaU
Modifying agency DLC
042 ## - AUTHENTICATION CODE
Authentication code premarc
043 ## - GEOGRAPHIC AREA CODE
Geographic area code a-ii---
050 00 - LIBRARY OF CONGRESS CALL NUMBER
Classification number PN5379.G6
Item number N3
100 1# - MAIN ENTRY--PERSONAL NAME
Personal name Naik, Narayan Bhaskar,
Dates associated with a name 1899-
245 10 - TITLE STATEMENT
Title Gomāntakīya niyatakālikē.
260 ## - PUBLICATION, DISTRIBUTION, ETC.
Date of publication, distribution, etc. 1965.
300 ## - PHYSICAL DESCRIPTION
Extent 100 p.
Dimensions 22 cm.
500 ## - GENERAL NOTE
General note In Marathi.
650 #0 - SUBJECT ADDED ENTRY--TOPICAL TERM
Topical term or geographic name entry element Periodicals
Geographic subdivision Goa.

No items available.

Powered by Koha